000 00816cad a22002055a 4500
001 E146335
008 090112e20090112xxk s000 0 eng d
035 _a(Sirsi) u146335
041 0 _aeng
110 2 _aScotland
_bScottish Government
_95344
245 0 0 _aPublic sector house building
_h[electronic resource]
260 _c2009
490 _aScottish Government News Release
_v12 January 2009
520 _aThe number of council house starts in Scotland rose to almost 5 700 in 2007/8, the highest figure since the early 1990s.
590 _aKA
651 4 _aScotland
_y1999-
690 _aPROPERTY-RESIDENTIAL PROPERTY-DOMESTIC RESIDENTIAL PROPERTY-HOUSING
856 4 0 _uhttps://www.scotland.gov.uk/News/Releases/2009/01/12082103
_zView the news release free of charge at www.scotland.gov.uk...
942 _n0
999 _c81123
_d81123